000 00573nam a2200157 i 4500
001 142932
003 ES-MaACL
007 t|
008 071011s1975 sp ||||1| spa d
100 1 _aVicente de Paúl
_cSanto.
_9114354
245 1 0 _aObras completas.
_n, . Tomo IX,
_pConferencias 2. Conferencias a las Hijas de la Caridad, julio 1654-27 de agosto 1660 /
_cSan Vicente de Paúl ; [tradujo: A. Ortiz García].
260 _aSalamanca :
_bSígueme,
_c1975.
300 _a1313 p. ;
_c22 cm.
700 1 _aOrtiz García, A.
_987617
852 _aES-MaACL
_jE-8897
_bR.93337
999 _c142932
_d142932